THE HOUSE OF TUDOR

Guardado en:
Detalles Bibliográficos
Autor principal: Strong, Roy (autor)
Formato: Libro
Temas:
Etiquetas: Agrega una etiqueta
Sin etiquetas, Sé el primero en etiquetar este registro!

MARC

LEADER 00000nam^a2200000^a^4500
001 000213529
005 20250521000000.0
009 20260310103529.017
035 |a 036056 
037 |a Acervo Xavier Clavigero 
082 |a 942. 1  |b STR 
100 |a Strong, Roy  |e (autor) 
245 1 4 |a THE HOUSE OF TUDOR 
264 |a LONDON :  |b HER MAJESTY'S STATIONERY OFFICE,  |c 1967 
336 |a texto  |b txt  |2 rdacontenido 
337 |a sin mediación  |b n  |2 rdamedio 
338 |a volumen  |b nc  |2 rdasoporte 
649 |a XX 
650 |a Arte 
910 |a Fondo General 
920 |a Impresos - Libros 
930 |a Colección General 
905 |a 101 
901 |a 036056  |b IT1  |c ACC  |i 036056  |u 20250521 
902 |a https://opac.biblio.iteso.mx/vufind/Record/000213529